| 000 | 00451cam a2200181ua 4500 | ||
|---|---|---|---|
| 001 | 3584 | ||
| 008 | 111118n ii |||gr||||Z||||||asm | ||
| 040 | _cMAIN | ||
| 082 | _a891.4513 | ||
| 100 | 1 |
_aBaruah, Prity, _eEdotor., |
|
| 245 | 1 | 1 |
_aLekhikar galpa _ced. by Prity Baruah |
| 250 | _a1st. | ||
| 260 |
_aGuwahati: _bAsam lekhika santha,989. |
||
| 300 |
_a382p: _c23cm. |
||
| 653 | _aAssamese short stories | ||
| 653 | _aLekhikar galpa | ||
| 942 | _cBK | ||
| 999 |
_c3425 _d3425 |
||